Turismo : tendencias globales y planificación estratégica /

El libro es un desarrollo conceptual de la teoría turística y la planificación, mediante la revisión y el análisis de los diferentes conceptos y visiones sobre el turismo.Con este trabajo se pretende reunir conceptos, principios, teorías básicas del turismo y guías de planificación, de manera que si...

Full description

Bibliographic Details
Main Author: Jiménez Bulla, Luis Hernando
Other Authors: Jiménez Barbosa, Wilson Giovanni
Format: Libro
Language:Spanish
Published: Bogotá Ecoe 2013
Subjects:

MARC

LEADER 00000cam a2200000 a 4500
001 010525
003 UAHC_CL
005 20170803120702.0
008 151007s2013 ck 000 spa
020 |z 9788586488525 
040 |a UAHC_CL  |c UAHC_CL  |d UAHC_CL 
082 0 4 |a 338.4791  |b J61  |2 20 
100 1 |a Jiménez Bulla, Luis Hernando 
245 1 0 |a Turismo :  |b tendencias globales y planificación estratégica /  |c Luis Hernando Jiménez Bulla, Wilson Giovanni Jimémez Barbosa. 
260 |b Ecoe  |a Bogotá  |c 2013 
300 |a 193 p. 
520 |a El libro es un desarrollo conceptual de la teoría turística y la planificación, mediante la revisión y el análisis de los diferentes conceptos y visiones sobre el turismo.Con este trabajo se pretende reunir conceptos, principios, teorías básicas del turismo y guías de planificación, de manera que sirvan de consulta para aca démicos, investigadores, gobiernos, autoridades del turismo, instituciones oficiales, así como para aquellas personas que de alguna manera se encuentran involucradas o desean integrarse en las actividades turísticas.Por otra parte, busca que las comunidades receptoras y de tránsito sean involucradas en la planificación turística y así puedan obtener los beneficios económicos, sociales y culturales que esta actividad proporciona. Así mismo, pretende que los turistas logren satisfacer sus expectativas de viaje y que las comunidades de traslado puedan interactuar con los visitantes cuando se desplacen por sus espacios geoculturales. 
650 4 |a TURISMO  |x ADMINISTRACIîN 
650 4 |a TURISMO  |x PLANIFICACIîN 
653 |a GEOGRAFIA 
700 1 |a Jiménez Barbosa, Wilson Giovanni 
900 |a 338.4791 JIM 
942 |c BK 
952 |0 0  |1 0  |4 0  |6 338_479100000000000_JIM  |7 0  |8 General  |9 21625  |a BC  |b BC  |c General  |d 2017-08-03  |l 0  |o 338.4791 JIM  |p 1430416  |r 2026-01-13 00:00:00  |t 1  |w 2017-08-03  |y BK 
999 |c 10525  |d 10525